<?xml version="1.0" encoding="UTF-8"?>
<record
    xmlns:xsi="http://www.w3.org/2001/XMLSchema-instance"
    xsi:schemaLocation="http://www.loc.gov/MARC21/slim http://www.loc.gov/standards/marcxml/schema/MARC21slim.xsd"
    xmlns="http://www.loc.gov/MARC21/slim">

  <leader>02670nam a2200361 c 4500</leader>
  <controlfield tag="001">57780</controlfield>
  <controlfield tag="003">CO-BoRNBP</controlfield>
  <controlfield tag="005">20250730154240.0</controlfield>
  <controlfield tag="007">ta</controlfield>
  <controlfield tag="008">231128s2023    ck do||er     ||0 0dspa d</controlfield>
  <datafield tag="020" ind1=" " ind2=" ">
    <subfield code="a">9789585436718</subfield>
  </datafield>
  <datafield tag="040" ind1=" " ind2=" ">
    <subfield code="a">CO-BoRNBP</subfield>
    <subfield code="b">spa</subfield>
    <subfield code="e">rda</subfield>
    <subfield code="c">CO-BoRNBP</subfield>
  </datafield>
  <datafield tag="041" ind1="0" ind2=" ">
    <subfield code="h">spa</subfield>
  </datafield>
  <datafield tag="043" ind1=" " ind2=" ">
    <subfield code="a">s-ck---</subfield>
  </datafield>
  <datafield tag="082" ind1="0" ind2="4">
    <subfield code="a">306.76</subfield>
    <subfield code="b">D18g</subfield>
    <subfield code="2">22</subfield>
  </datafield>
  <datafield tag="100" ind1=" " ind2=" ">
    <subfield code="a">D&#xE1;vila Calder&#xF3;n, Martha Janneth</subfield>
    <subfield code="e">aut</subfield>
    <subfield code="9">58992</subfield>
  </datafield>
  <datafield tag="245" ind1="1" ind2="3">
    <subfield code="a">El g&#xE9;nero no es cuesti&#xF3;n de sexo :</subfield>
    <subfield code="b">una aproximaci&#xF3;n a la realidad del ser humano, partiendo de las diferencias /</subfield>
    <subfield code="c">Martha Janneth D&#xE1;vila Calder&#xF3;n.</subfield>
  </datafield>
  <datafield tag="250" ind1=" " ind2=" ">
    <subfield code="a">Edici&#xF3;n especial para el Ministerio de las Culturas</subfield>
  </datafield>
  <datafield tag="264" ind1=" " ind2="1">
    <subfield code="a">Bogot&#xE1;, Colombia :</subfield>
    <subfield code="b">Circulo Cultural,</subfield>
    <subfield code="c">2023</subfield>
  </datafield>
  <datafield tag="300" ind1=" " ind2=" ">
    <subfield code="a">292 p&#xE1;ginas :</subfield>
    <subfield code="b">ilustraciones, diagramas y gr&#xE1;ficos a color</subfield>
  </datafield>
  <datafield tag="336" ind1=" " ind2=" ">
    <subfield code="a">texto</subfield>
    <subfield code="b">txt</subfield>
    <subfield code="2">rdacontenido</subfield>
  </datafield>
  <datafield tag="337" ind1=" " ind2=" ">
    <subfield code="a">sin mediaci&#xF3;n</subfield>
    <subfield code="b">n</subfield>
    <subfield code="2">rdamedio</subfield>
  </datafield>
  <datafield tag="338" ind1=" " ind2=" ">
    <subfield code="a">volumen</subfield>
    <subfield code="b">nc</subfield>
    <subfield code="2">rdasoporte</subfield>
  </datafield>
  <datafield tag="504" ind1=" " ind2=" ">
    <subfield code="a">Incluye Bibliograf&#xED;a y webgraf&#xED;a</subfield>
  </datafield>
  <datafield tag="505" ind1="1" ind2=" ">
    <subfield code="a">Acerc&#xE1;ndonos a los conceptos. -- Intersexualidad. -- Diversidad de g&#xE9;nero. -- Violencias de g&#xE9;nero y de sexo. -- Movimientos. -- Trastornos sexuales y fobias. -- Diversidad de g&#xE9;nero y sexual en las artes. -- Transhumanos y transespecies. -- G&#xE9;nero y seguridad humana. -- Compartiendo experiencias. -- Encuestas, an&#xE1;lisis. -- Tratados y convenios internacionales. -- Bibliograf&#xED;a. --  Webgraf&#xED;a</subfield>
  </datafield>
  <datafield tag="520" ind1="3" ind2=" ">
    <subfield code="a">Los conceptos de bien y mal, normal y anormal, justo e injusto, maldici&#xF3;n y redenci&#xF3;n, absoluci&#xF3;n y castigo, han estado presentes en el imaginario humano desde el inicio de los tiempos. Partiendo de las m&#xED;ticas y ancestrales creencias hasta las religiones monoteistas y politeistas, las personas han estado signadas por diversos estereotipos, construidos a partir de la personalisima interpretaci&#xF3;n de los lideres espirituales de turno, quienes, en lugar de acercarnos como especie, nos alejan como individuos. Si a esto le sumamos la elaboraci&#xF3;n de preceptos pol&#xED;ticos, sociales, educacionales y culturales afincados as&#xED; mismo en los intereses o conocimientos de la &#xE9;poca y no en el bienestar general, podemos afirmar sin lugar a duda, que la deconstrucci&#xF3;n de preceptos para la construcci&#xF3;n y reconocimiento de la igualdad, la equidad y el empoderamiento que como mortales todos merecemos, es una tarea urgente que no admite m&#xE1;s dilaciones. (Tomado a partes del texto)</subfield>
  </datafield>
  <datafield tag="521" ind1=" " ind2=" ">
    <subfield code="a">Recomendado para un p&#xFA;blico mayor de 12 a&#xF1;os</subfield>
  </datafield>
  <datafield tag="650" ind1="0" ind2="7">
    <subfield code="a">Discriminaci&#xF3;n sexual</subfield>
    <subfield code="2">lemb</subfield>
    <subfield code="9">58994</subfield>
  </datafield>
  <datafield tag="650" ind1="0" ind2="7">
    <subfield code="a">Identidad sexual</subfield>
    <subfield code="2">lemb</subfield>
    <subfield code="9">27568</subfield>
  </datafield>
  <datafield tag="650" ind1="0" ind2="7">
    <subfield code="a">Minor&#xED;as sexuales</subfield>
    <subfield code="x">historia</subfield>
    <subfield code="2">lemb</subfield>
    <subfield code="9">58995</subfield>
  </datafield>
  <datafield tag="650" ind1="0" ind2="7">
    <subfield code="a">Violencia de g&#xE9;nero</subfield>
    <subfield code="2">lemb</subfield>
    <subfield code="9">58996</subfield>
  </datafield>
  <datafield tag="942" ind1=" " ind2=" ">
    <subfield code="2">ddc</subfield>
    <subfield code="c">BK</subfield>
  </datafield>
  <datafield tag="999" ind1=" " ind2=" ">
    <subfield code="c">57780</subfield>
    <subfield code="d">57780</subfield>
  </datafield>
  <datafield tag="952" ind1=" " ind2=" ">
    <subfield code="0">0</subfield>
    <subfield code="1">0</subfield>
    <subfield code="2">ddc</subfield>
    <subfield code="4">0</subfield>
    <subfield code="7">0</subfield>
    <subfield code="8">GEN</subfield>
    <subfield code="a">MEMACARE</subfield>
    <subfield code="b">MEMACARE</subfield>
    <subfield code="c">GEN</subfield>
    <subfield code="d">2025-07-30</subfield>
    <subfield code="l">0</subfield>
    <subfield code="o">306.76 D18g</subfield>
    <subfield code="p">LM02773</subfield>
    <subfield code="r">2025-07-30 15:43:12</subfield>
    <subfield code="t">Ej.1</subfield>
    <subfield code="w">2025-07-30</subfield>
    <subfield code="y">BK</subfield>
  </datafield>
</record>
